Devinez la Capitale Mystère #142 - Statistiques

Statistiques générales
  • Ce quiz a été pris 99 fois
  • Le résultat moyen est 26 sur 36
Statistiques - réponses
Type de Réponse Réponse % Correct
Lettre Trouvée A
100%
Lettre Trouvée I
100%
Lettre Trouvée N
100%
Lettre de l'Alphabet O
100%
Lettre de l'Alphabet S
100%
Lettre de l'Alphabet R
99%
Lettre Trouvée E
96%
Lettre de l'Alphabet L
96%
Lettre de l'Alphabet B
93%
Lettre Trouvée T
93%
Lettre de l'Alphabet D
91%
Lettre de l'Alphabet P
89%
Lettre de l'Alphabet M
88%
Lettre de l'Alphabet U
88%
Lettre de l'Alphabet K
84%
Lettre de l'Alphabet G
83%
Lettre de l'Alphabet H
81%
Lettre de l'Alphabet C
77%
Lettre de l'Alphabet W
76%
Lettre Trouvée V
72%
Lettre Bien Placée I
68%
Lettre de l'Alphabet Y
68%
Lettre de l'Alphabet X
61%
Lettre Bien Placée N
57%
Lettre de l'Alphabet J
56%
Lettre Bien Placée A
53%
Lettre Bien Placée E
53%
Lettre Bien Placée V
52%
Lettre de l'Alphabet Z
52%
Lettre de l'Alphabet F
48%
Lettre Bien Placée I
48%
Lettre Bien Placée E
47%
Lettre Bien Placée N
47%
Lettre Bien Placée T
45%
Lettre de l'Alphabet Q
44%
Capitale Mystère Vientiane
39%
Aucun quiz correspondant
Distribution des résultats
% des personnes avec chaque résultat
Percentile par nombre de réponses
Votre historique - résultats
Vous n’avez pas pris ce quiz